Avant l'écriture (notice n° 2033129)
[ vue normale ]
| 000 -LEADER | |
|---|---|
| fixed length control field | 01669cam a2200145 4500500 |
| 005 - DATE AND TIME OF LATEST TRANSACTION | |
| control field | 20260405000029.0 |
| 041 ## - LANGUAGE CODE | |
| Language code of text/sound track or separate title | fre |
| 042 ## - AUTHENTICATION CODE | |
| Authentication code | dc |
| 100 10 - MAIN ENTRY--PERSONAL NAME | |
| Personal name | Ferrara, Silvia |
| Relator term | author |
| 245 00 - TITLE STATEMENT | |
| Title | Avant l'écriture |
| 260 ## - PUBLICATION, DISTRIBUTION, ETC. | |
| Name of publisher, distributor, etc. | Le Seuil,<br/> |
| Date of publication, distribution, etc. | 2023.<br/> |
| 520 ## - SUMMARY, ETC. | |
| Summary, etc. | Des empreintes de mains sur les parois de Pech Merle à celles de Yenikapı en Turquie, des girafes gravées dans le désert du Sahara aux pétroglyphes géants d’Hawaï, des temples de Göbekli Tepe aux signes énigmatiques dans les grottes marines du Salento, Silvia Ferrara nous entraîne dans un extraordinaire voyage sur les traces graphiques de l’humanité. Nous voici soudain face à des dessins d’hommes et de femmes, d’animaux disparus, mais aussi face à des figures géométriques et sans légendes. Comment naissent des symboles, des icônes, des signes, des mots&#8239;? Qui les crée, et pourquoi&#8239;? Et qui les comprend&#8239;? Dans ce «saut» vers l’abstraction s’exprime la capacité humaine à façonner le réel et à lui donner vie. En déchiffrant ces écrits d’avant l’écriture qui nous parviennent depuis le fond des millénaires, les questions restent parfois en suspens. Mais la puissance de l’imagination continue de nous émerveiller et de nous parler. Silvia Ferrara est professeure de philologie mycénienne à l’Université de Bologne. Elle est responsable du programme de recherches européen INSCRIBE (Invention of Scripts and their Beginnings) consacré aux inventions de l’écriture. |
| 700 10 - ADDED ENTRY--PERSONAL NAME | |
| Personal name | Dalarun, Jacques |
| Relator term | author |
| 856 41 - ELECTRONIC LOCATION AND ACCESS | |
| Uniform Resource Identifier | <a href="https://shs.cairn.info/avant-lecriture--9782021519914?lang=fr&redirect-ssocas=7080">https://shs.cairn.info/avant-lecriture--9782021519914?lang=fr&redirect-ssocas=7080</a> |
Pas d'exemplaire disponible.




Réseaux sociaux